<?xml version="1.0" encoding="UTF-8"?>
<record
    xmlns:xsi="http://www.w3.org/2001/XMLSchema-instance"
    xsi:schemaLocation="http://www.loc.gov/MARC21/slim http://www.loc.gov/standards/marcxml/schema/MARC21slim.xsd"
    xmlns="http://www.loc.gov/MARC21/slim">

  <leader>01894nam a2200385 a 4500</leader>
  <controlfield tag="001">000044852</controlfield>
  <controlfield tag="003">DO-SdBNP</controlfield>
  <controlfield tag="005">20230802133329.0</controlfield>
  <controlfield tag="007">ta</controlfield>
  <controlfield tag="008">150114s2013    dr ac         000 0 spa d</controlfield>
  <datafield tag="040" ind1=" " ind2=" ">
    <subfield code="a">DO-SdBNP</subfield>
    <subfield code="b">spa</subfield>
    <subfield code="c">BNPHU</subfield>
    <subfield code="e">rda</subfield>
  </datafield>
  <datafield tag="082" ind1=" " ind2=" ">
    <subfield code="2">22</subfield>
    <subfield code="a">xxx</subfield>
    <subfield code="b">G943</subfield>
  </datafield>
  <datafield tag="100" ind1="1" ind2=" ">
    <subfield code="a">Rosa Tapia, Mar&#xED;a del Jes&#xFA;s de la</subfield>
    <subfield code="9">83858</subfield>
  </datafield>
  <datafield tag="245" ind1="1" ind2="0">
    <subfield code="a">Gu&#xED;a para el Aprendizaje. :</subfield>
    <subfield code="b">Quisqueya aprende contigo. Plan nacional de alfabetizaci&#xF3;n /</subfield>
    <subfield code="c">Mar&#xED;a del Jes&#xFA;s de la Rosa Tapia, Basilia Rodr&#xED;guez ; revisi&#xF3;n Nicol&#xE1;s Guevara, Luz Alm&#xE1;nzar, Luis Holgu&#xED;n Veras Mart&#xED;nez, Deolegario Tapia, &#xC1;ngela Rodr&#xED;guez y otros ; fotograf&#xED;as George Phipps.</subfield>
  </datafield>
  <datafield tag="264" ind1=" " ind2=" ">
    <subfield code="a">Santo Domingo :</subfield>
    <subfield code="b">Ministerio de educaci&#xF3;n,</subfield>
    <subfield code="b">Centenario,</subfield>
    <subfield code="c">2013.</subfield>
  </datafield>
  <datafield tag="300" ind1=" " ind2=" ">
    <subfield code="a">254 p&#xE1;ginas</subfield>
    <subfield code="b">ilustraciones, retratos</subfield>
    <subfield code="c">28 cm.</subfield>
  </datafield>
  <datafield tag="336" ind1=" " ind2=" ">
    <subfield code="2">rdacontent</subfield>
    <subfield code="a">texto</subfield>
    <subfield code="b">txt</subfield>
  </datafield>
  <datafield tag="337" ind1=" " ind2=" ">
    <subfield code="2">rdamedia</subfield>
    <subfield code="a">sin mediaci&#xF3;n </subfield>
    <subfield code="b">n</subfield>
  </datafield>
  <datafield tag="338" ind1=" " ind2=" ">
    <subfield code="2">rdacarrier</subfield>
    <subfield code="a">volumen</subfield>
    <subfield code="b">nc</subfield>
  </datafield>
  <datafield tag="500" ind1=" " ind2=" ">
    <subfield code="a">Esto es una gu&#xED;a para el aprendizaje para la alfabetizaci&#xF3;n.</subfield>
  </datafield>
  <datafield tag="505" ind1="2" ind2=" ">
    <subfield code="g">Unidad 1. --</subfield>
    <subfield code="t">Soy persona --</subfield>
    <subfield code="g">Unidad 2. --</subfield>
    <subfield code="t">Somos personas organizadas --</subfield>
    <subfield code="g">Unidad 3. --</subfield>
    <subfield code="t">Tenemos derecho a la salud --</subfield>
    <subfield code="g">Unidad 4. --</subfield>
    <subfield code="t">Trabajamos para vivir mejor --</subfield>
    <subfield code="g">Unidad 5. --</subfield>
    <subfield code="t">Cuidamos el medio ambiente --</subfield>
    <subfield code="g">Unidad 6. --</subfield>
    <subfield code="t">Tenemos un gran pa&#xED;s --</subfield>
    <subfield code="g">Anexos /</subfield>
  </datafield>
  <datafield tag="590" ind1=" " ind2=" ">
    <subfield code="a">Inventariado, 2023/ YL</subfield>
  </datafield>
  <datafield tag="700" ind1="1" ind2=" ">
    <subfield code="a">Rodr&#xED;guez, Basilia</subfield>
    <subfield code="e">Autora. </subfield>
    <subfield code="9">83859</subfield>
  </datafield>
  <datafield tag="700" ind1="1" ind2=" ">
    <subfield code="a">Guevara, Nicol&#xE1;s</subfield>
    <subfield code="e">Revisi&#xF3;n </subfield>
    <subfield code="9">22224</subfield>
  </datafield>
  <datafield tag="700" ind1="1" ind2=" ">
    <subfield code="a">Alm&#xE1;nzar, Luz</subfield>
    <subfield code="e">Revisi&#xF3;n </subfield>
    <subfield code="9">83860</subfield>
  </datafield>
  <datafield tag="700" ind1="1" ind2=" ">
    <subfield code="a">Holgu&#xED;n Veras Mart&#xED;nez, Luis</subfield>
    <subfield code="e">Revisi&#xF3;n </subfield>
    <subfield code="9">83861</subfield>
  </datafield>
  <datafield tag="700" ind1="1" ind2=" ">
    <subfield code="a">Tapia, Deolegario</subfield>
    <subfield code="e">Revisi&#xF3;n </subfield>
    <subfield code="9">83862</subfield>
  </datafield>
  <datafield tag="700" ind1="1" ind2=" ">
    <subfield code="a">Rodr&#xED;guez, &#xC1;ngela</subfield>
    <subfield code="e">Revisi&#xF3;n </subfield>
    <subfield code="9">46708</subfield>
  </datafield>
  <datafield tag="700" ind1="1" ind2=" ">
    <subfield code="a">Camilo Recio, Miriam</subfield>
    <subfield code="e">Revisi&#xF3;n </subfield>
    <subfield code="9">37246</subfield>
  </datafield>
  <datafield tag="700" ind1="1" ind2=" ">
    <subfield code="a">Valerio, Magdalena</subfield>
    <subfield code="e">Revisi&#xF3;n </subfield>
    <subfield code="9">83863</subfield>
  </datafield>
  <datafield tag="700" ind1="1" ind2=" ">
    <subfield code="a">Almonte, Julio</subfield>
    <subfield code="e">Revisi&#xF3;n </subfield>
    <subfield code="9">83864</subfield>
  </datafield>
  <datafield tag="700" ind1="1" ind2=" ">
    <subfield code="a">Phipps, George</subfield>
    <subfield code="e">fotograf&#xED;as</subfield>
    <subfield code="9">72867</subfield>
  </datafield>
  <datafield tag="910" ind1=" " ind2=" ">
    <subfield code="a">YLockward</subfield>
  </datafield>
  <datafield tag="942" ind1=" " ind2=" ">
    <subfield code="2">ddc</subfield>
    <subfield code="c">LBS1</subfield>
  </datafield>
  <datafield tag="952" ind1=" " ind2=" ">
    <subfield code="0">0</subfield>
    <subfield code="1">0</subfield>
    <subfield code="2">ddc</subfield>
    <subfield code="5">1</subfield>
    <subfield code="7">0</subfield>
    <subfield code="8">PD</subfield>
    <subfield code="a">BNPHU</subfield>
    <subfield code="b">BNPHU</subfield>
    <subfield code="c">HD</subfield>
    <subfield code="d">2014-08-21</subfield>
    <subfield code="e">Deposito Legal</subfield>
    <subfield code="i">LF1</subfield>
    <subfield code="l">0</subfield>
    <subfield code="o"> </subfield>
    <subfield code="p">44852-10</subfield>
    <subfield code="r">2020-06-25</subfield>
    <subfield code="w">2020-06-25</subfield>
    <subfield code="y">LBS1</subfield>
    <subfield code="Z">No se presta</subfield>
  </datafield>
  <datafield tag="952" ind1=" " ind2=" ">
    <subfield code="0">0</subfield>
    <subfield code="1">0</subfield>
    <subfield code="2">ddc</subfield>
    <subfield code="5">1</subfield>
    <subfield code="7">0</subfield>
    <subfield code="8">PD</subfield>
    <subfield code="a">BNPHU</subfield>
    <subfield code="b">BNPHU</subfield>
    <subfield code="c">CT</subfield>
    <subfield code="d">2016-10-13</subfield>
    <subfield code="e">Francisco C&#xE1;ceres</subfield>
    <subfield code="i">LF1</subfield>
    <subfield code="l">0</subfield>
    <subfield code="o"> </subfield>
    <subfield code="p">2023-5151</subfield>
    <subfield code="r">2020-06-25</subfield>
    <subfield code="t">e. 2</subfield>
    <subfield code="w">2020-06-25</subfield>
    <subfield code="y">LBS1</subfield>
    <subfield code="Z">No se presta</subfield>
  </datafield>
  <datafield tag="952" ind1=" " ind2=" ">
    <subfield code="0">0</subfield>
    <subfield code="1">0</subfield>
    <subfield code="2">ddc</subfield>
    <subfield code="5">6</subfield>
    <subfield code="7">0</subfield>
    <subfield code="8">DS</subfield>
    <subfield code="a">BNPHU</subfield>
    <subfield code="b">BNPHU</subfield>
    <subfield code="c">CT</subfield>
    <subfield code="d">2016-10-13</subfield>
    <subfield code="e">Francisco C&#xE1;ceres</subfield>
    <subfield code="i">LF1</subfield>
    <subfield code="l">0</subfield>
    <subfield code="o"> </subfield>
    <subfield code="p">2023-5152</subfield>
    <subfield code="r">2023-08-02</subfield>
    <subfield code="t">e. 3</subfield>
    <subfield code="w">2020-06-25</subfield>
    <subfield code="y">LBS1</subfield>
  </datafield>
  <datafield tag="999" ind1=" " ind2=" ">
    <subfield code="c">44341</subfield>
    <subfield code="d">44341</subfield>
  </datafield>
</record>
